| 000 | 00593nam a2200193 4500 | ||
|---|---|---|---|
| 001 | 144683 | ||
| 003 | ES-MaACL | ||
| 007 | t| | ||
| 008 | 070214s1974 sp r ||||1| spa d | ||
| 100 | 1 |
_aSnow, Edgar. _9106969 |
|
| 245 | 1 | 0 |
_aChina _b: la larga revolución / _cEdgar Snow ; [traductor: Jaime de Ojeda]. |
| 260 |
_aMadrid : _bAlianza, _c1974 ( _fEosgraf) |
||
| 300 |
_a350 p. ; _c18 cm. |
||
| 490 | 1 |
_aEl libro de bolsillo ; _v551 |
|
| 700 | 1 |
_aOjeda, Jaime de. _986603 |
|
| 830 | 0 | 3 |
_aEl libro de bolsillo _v551 _9177802 |
| 852 |
_aES-MaACL _jE-6716 _bR.91288 |
||
| 999 |
_c144683 _d144683 |
||